00638nam a2200193Ia 4500008004100000020001800041082001800059100004000077245004000117250000800157260004200165300002300207500001900230600002000249650001500269942000700284952013600291999001700427240925s9999 xx 000 0 und d a9788131765647 a647.94023 WAL aWalker, Joh R.; Walker, Josielyn T. 0aExploring: the hospitality industry a2nd aNew Delhi:bPearson Educationc,2012. a202p.b0fOriginal aIncludes Index aSocial Sciences aManagement cBK 001040708SSaUITUbUITUd2019-01-20eAllied Book Companyg1300.00l0o647.94023 WALpQ13691r2024-09-25 07:16:57w2024-09-25yBK c16190d16190